[Event "Wch U20"]
[Site "Copenhagen"]
[Date "1982.??.??"]
[Round "6"]
[White "Conquest, Stuart"]
[Black "Morovic Fernandez, Ivan"]
[Result "1/2-1/2"]
[WhiteElo "2275"]
[BlackElo "2450"]

1.d4 Nf6 2.c4 e6 3.g3 d5 4.Bg2 Be7 5.Nf3 O-O 6.Qc2 dxc4 7.Qxc4 a6 8.Qc2 Nc6
9.O-O Nxd4 10.Nxd4 Qxd4 11.Qxc7 Nd5 12.Bxd5 Bd8 13.Qc4 Qxd5 14.Qxd5 exd5
15.Rd1 Bf6 16.Nc3 Bxc3 17.bxc3 Be6 18.Be3 Rfc8 19.Bd4 b5 20.f3 Rc4  1/2-1/2

[Event "Politiken Cup"]
[Site "Copenhagen"]
[Date "1982.??.??"]
[Round "7"]
[White "Berg, Klaus"]
[Black "Kaiszauri, Konstanty"]
[Result "1-0"]
[WhiteElo "2295"]
[BlackElo "2395"]

1.d4 Nf6 2.Nf3 e6 3.g3 d5 4.Bg2 Be7 5.c4 O-O 6.O-O dxc4 7.Qc2 a6 8.Qxc4 b5
9.Qc2 Bb7 10.Bf4 Nd5 11.Nc3 Nxf4 12.gxf4 Nc6 13.Rfd1 Nb4 14.Qb3 a5 15.Rd2 a4
16.Qd1 Nd5 17.Nxd5 Bxd5 18.e3 Bb4 19.Rc2 f6 20.Ne1 Bxe1 21.Qxe1 Bxg2 22.Kxg2 e5
23.dxe5 fxe5 24.Qd1 Qe8 25.Qd5+ Kh8 26.Rxc7 exf4 27.exf4 Rxf4 28.Re1 Qg6+
29.Kh1 Rg8 30.Rg1 Qf6 31.Rc2 b4 32.Qc5 b3 33.axb3 axb3 34.Rd2 Rh4 35.Qg5 Qf3+
36.Rg2 Re4 37.Qxg7+  1-0

[Event "Gausdal Int"]
[Site "Gausdal"]
[Date "1982.??.??"]
[Round "2"]
[White "Balshan, Amikam"]
[Black "Tisdall, Jonathan D"]
[Result "1/2-1/2"]
[WhiteElo "2385"]
[BlackElo "2435"]

1.d4 Nf6 2.c4 e6 3.g3 d5 4.Nf3 Be7 5.Bg2 O-O 6.O-O dxc4 7.Qc2 a6 8.a4 c5
9.Rd1 Nc6 10.e3 cxd4 11.exd4 Na5 12.Ne5 Bd7 13.Bd2 Nb3 14.Ra2 Rc8 15.Bc3 Qc7
16.a5 Nd5 17.Na3 Bb5 18.Be4 g6 19.Nxb5 axb5 20.a6 Ra8 21.a7 b6 22.h4 b4 23.Be1 Nxd4
24.Qxc4 Qxe5 25.Qxd4 Qc7 26.Bxd5 exd5 27.Bxb4 Bxb4  1/2-1/2

[Event "Gausdal Young Men"]
[Site "Gausdal"]
[Date "1982.??.??"]
[Round "3"]
[White "Bergstrom, Christer"]
[Black "Liabotro, Pal Ole"]
[Result "1/2-1/2"]
[WhiteElo "2360"]
[BlackElo "2200"]

1.c4 e6 2.Nf3 Nf6 3.g3 d5 4.d4 Be7 5.Bg2 O-O 6.O-O dxc4 7.Qa4 a6 8.Qxc4 b5
9.Qc2 Bb7 10.Bf4 Nd5 11.Bd2 Nd7 12.Rd1 N5f6 13.Nc3 b4 14.Na4 Be4 15.Qc1 Qc8
16.Nc5 Nxc5 17.dxc5 a5 18.Bg5 h6 19.Bf4 Qb7 20.h3 Rad8 21.Be3 Bd5 22.Rd2 Ne4
23.Rc2 c6 24.Ne5 a4 25.Bxe4 Bxe4 26.Rc4 Bd5 27.Rf4 g5 28.Rd4 Bf6 29.f4 Bg7
30.Rd1 Bxe5 31.fxe5 Qc7  1/2-1/2

[Event "Gausdal Young Men"]
[Site "Gausdal"]
[Date "1982.??.??"]
[Round "5"]
[White "Odendahl, Steven M"]
[Black "Bergstrom, Christer"]
[Result "1/2-1/2"]
[WhiteElo "2395"]
[BlackElo "2360"]

1.d4 Nf6 2.c4 e6 3.g3 d5 4.Nf3 Be7 5.Bg2 O-O 6.O-O dxc4 7.Ne5 c5 8.dxc5 Bxc5
9.Nxc4 Nc6 10.Nc3 Qc7 11.Bf4 e5 12.Bg5 Be6 13.Bxf6 Bxc4 14.Qa4 b5 15.Nxb5 Bxb5
16.Qxb5 Nd4 17.Qc4 Rac8 18.Rac1 Bb6 19.Qxc7 Bxc7 20.Rc4 gxf6 21.Bb7 Rb8 22.Rxc7 Rfd8
23.Bf3  1/2-1/2

[Event "Gausdal Int"]
[Site "Gausdal"]
[Date "1982.??.??"]
[Round "6"]
[White "Odendahl, Steven M"]
[Black "Ljungqvist, Lennart"]
[Result "1-0"]
[WhiteElo "2395"]
[BlackElo "2220"]

1.d4 d5 2.Nf3 Nf6 3.c4 e6 4.g3 Be7 5.Bg2 O-O 6.O-O b6 7.Nc3 c6 8.Ne5 Nfd7
9.Nxd7 Nxd7 10.e4 dxe4 11.Bxe4 Bb7 12.Bg2 Nf6 13.b3 Qd7 14.Qd2 Rad8 15.Rd1 Qc8
16.Bb2 Rd7 17.Qe3 Rfd8 18.Bh3 Bf8 19.Ne2 Ne8 20.Nf4 Nc7 21.Re1 Re8 22.Nd3 Rdd8
23.Ne5 Be7 24.Qf4 Rf8 25.Ng4 f5 26.Ne5 c5 27.d5 exd5 28.Nc6 Bxc6 29.Rxe7 Ne8
30.cxd5 Bxd5 31.Rae1 Rf7 32.Qg5 h6 33.Qg6 Qc6 34.Bxf5 Qxg6 35.Bxg6 Rxe7 36.Rxe7 Bc6
37.Kf1 Kf8 38.Rxa7 Rd7 39.Rxd7 Bxd7 40.Ke2 Bc6 41.Ke3 Nf6 42.h3 Nd5+ 43.Kd2 Ne7
44.Bd3 Kf7 45.Be5 Nd5 46.Be4 b5 47.f4 c4 48.bxc4 bxc4 49.a4 Kf8 50.a5 Kf7
51.a6 g6 52.Bf3 h5 53.Be2 c3+ 54.Bxc3 Nxc3 55.Kxc3 Kf6 56.Kd4  1-0

[Event "Gausdal Jubilee"]
[Site "Gausdal"]
[Date "1982.??.??"]
[Round "7"]
[White "Karlsson, Lars"]
[Black "Vogel, Jaap"]
[Result "1-0"]
[WhiteElo "2500"]
[BlackElo "2335"]

1.c4 Nf6 2.g3 e6 3.Bg2 d5 4.Nf3 Be7 5.d4 O-O 6.Qc2 b6 7.b3 c5 8.e3 cxd4 9.exd4 Nbd7
10.a4 Ba6 11.Na3 Rc8 12.Nb5 dxc4 13.bxc4 Bb4+ 14.Bd2 Bxd2+ 15.Nxd2 Nb8 16.Nb3 Nc6
17.Qd2 Qe7 18.O-O Rfd8 19.Qe3 Bb7 20.c5 Nb4 21.Nxa7 Nc2 22.Nxc8 Rxc8 23.Qd3 Bxg2
24.Kxg2 Nxa1 25.Rxa1 bxc5 26.dxc5 e5 27.Rd1 h5 28.h3 Qb7+ 29.Kh2 h4 30.g4 Qb4
31.a5 Rb8 32.a6 Qf4+ 33.Kg1 Nxg4 34.hxg4 Qxg4+ 35.Kh1 e4 36.a7 Re8 37.Re1 f5
38.Nd2 Rf8 39.Nxe4  1-0

[Event "Gausdal Jubilee"]
[Site "Gausdal"]
[Date "1982.??.??"]
[Round "8"]
[White "Karlsson, Lars"]
[Black "Hamann, Svend"]
[Result "1-0"]
[WhiteElo "2500"]
[BlackElo "2445"]

1.c4 e6 2.g3 Nf6 3.Bg2 d5 4.Nf3 Be7 5.d4 O-O 6.Qc2 b6 7.b3 Bb7 8.O-O Na6
9.a3 c5 10.e3 Rc8 11.Bb2 cxd4 12.exd4 Qc7 13.Nbd2 Rfd8 14.Rac1 Qb8 15.Ne5 dxc4
16.Bxb7 Qxb7 17.bxc4 Nb8 18.f4 Nc6 19.Ndf3 b5 20.Nxc6 Qxc6 21.Ne5 Qe8 22.c5 Nd5
23.f5 Bg5 24.Rce1 Ne3 25.Qc1 Nxf1 26.Qxg5 f6 27.Qf4 fxe5 28.Rxe5 Rd5 29.Rxe6 Qf7
30.g4 Nd2 31.Qxd2 Rcxc5 32.Qg2 Qb7 33.Qe4 h5 34.Re8+ Kh7 35.f6+ Kh6 36.Rh8+ Kg5
37.Rxh5+ Kxf6 38.dxc5+  1-0

[Event "Bundesliga 8182"]
[Site "Germany"]
[Date "1982.??.??"]
[Round "?"]
[White "Reefschlaeger, Helmut"]
[Black "Goehring, Karl Heinz"]
[Result "1-0"]
[WhiteElo "2405"]
[BlackElo "2365"]

1.d4 Nf6 2.c4 e6 3.g3 d5 4.Bg2 Be7 5.Nf3 O-O 6.O-O dxc4 7.Qc2 a6 8.a4 c5
9.dxc5 Nc6 10.Na3 Bxc5 11.Nxc4 Qe7 12.Be3 Bxe3 13.Nxe3 e5 14.Rac1 Be6 15.Qc5 Qxc5
16.Rxc5 Nd7 17.Rcc1 f6 18.Rfd1 Rfd8 19.Nd2 Nd4 20.Kf1 Nb6 21.a5 Nd5 22.Nxd5 Bxd5
23.Bxd5+ Rxd5 24.Nc4 Rad8 25.Nb6 Rxa5 26.e3 Rb5 27.Na4 Rb4 28.b3 b5 29.Nc3 Rxb3
30.exd4 Rxd4 31.Rxd4 exd4 32.Ne2 d3 33.Nd4 Rb4 34.Nc6 Rb3 35.Ke1 Rb2 36.Rd1 Re2+
37.Kf1 Re6 38.Nb4 a5 39.Nxd3 Kf7 40.Rb1 Rb6 41.Ke2 Ke6 42.Kd2 Kd5 43.Rc1 Rb7
44.f3 a4 45.Nb4+ Kd4 46.Nc6+ Kd5 47.Nb4+ Kd4 48.Rc3 f5 49.Nc2+ Ke5 50.Nb4 Rb6
51.Ke3 g5 52.Rc5+ Ke6 53.Kd4 Rd6+ 54.Rd5 g4 55.f4 a3 56.Rxd6+ Kxd6 57.Na2 Kc6
58.Nb4+ Kd6 59.Kc3 Kc5 60.Kb3 Kd4 61.Kxa3 Ke4 62.Nc6 h5 63.Ne7 h4 64.Kb4 h3
65.Nxf5 Kxf5 66.Kxb5 Ke4 67.Kc4 Kf3 68.f5 Kg2 69.f6 Kxh2 70.f7 Kxg3 71.f8=Q Kg2
72.Qa8+ Kg1 73.Qa1+ Kg2 74.Qb2+ Kh1 75.Qb1+ Kh2 76.Kd4  1-0

[Event "Bundesliga 8182"]
[Site "Germany"]
[Date "1982.??.??"]
[Round "?"]
[White "Podzielny, Karl Heinz"]
[Black "Kordsachia, Tariel"]
[Result "0-1"]
[WhiteElo "2405"]
[BlackElo "2310"]

1.Nf3 d5 2.c4 e6 3.g3 Nf6 4.Bg2 Be7 5.d4 O-O 6.Qc2 c6 7.O-O Nbd7 8.b3 Ne4
9.Nbd2 f5 10.Bb2 Bd6 11.e3 Ndf6 12.Nxe4 fxe4 13.Nd2 Bd7 14.f3 exf3 15.Bxf3 Be8
16.e4 Bg6 17.Rae1 Bb4 18.Bc3 dxe4 19.Nxe4 Nxe4 20.Bxe4 Rxf1+ 21.Kxf1 Qf6+
22.Kg1 Bxc3 23.Qxc3 Rf8 24.Qe3 Bxe4 25.Qxe4 Qf2+ 26.Kh1 Rf6 27.d5 Rh6  0-1

[Event "Bundesliga 8182"]
[Site "Germany"]
[Date "1982.??.??"]
[Round "?"]
[White "Podzielny, Karl Heinz"]
[Black "Klundt, Klaus"]
[Result "1-0"]
[WhiteElo "2405"]
[BlackElo "2380"]

1.d4 d5 2.c4 e6 3.Nf3 Be7 4.g3 Nf6 5.Bg2 O-O 6.O-O dxc4 7.Qc2 a6 8.a4 Nbd7
9.Rd1 c5 10.Na3 cxd4 11.Nxc4 Qc7 12.Bf4 Qc5 13.Rxd4 Nd5 14.Bd2 Bf6 15.Rg4 Rd8
16.Rc1 e5 17.Qb1 Qe7 18.Ne3 Nxe3 19.Bxe3 Nb8 20.Rgc4 Nc6 21.Bb6 Re8 22.Bc5 Qc7
23.Nd2 Be6 24.R4c3 Rad8 25.Ne4 Be7 26.b4 f5 27.b5 axb5 28.axb5 fxe4 29.bxc6 Bxc5
30.cxb7 Bd5 31.Bxe4 Bxe4 32.Qxe4 Rd7 33.Rxc5 Qxb7 34.Qc4+ Kf8 35.Rb5 Qa7
36.Qe4 Kg8 37.Rxe5 Rf8 38.Rf5  1-0

[Event "Bundesliga 8182"]
[Site "Germany"]
[Date "1982.??.??"]
[Round "?"]
[White "Siegel, Georg"]
[Black "Westermeier, Arnulf"]
[Result "1/2-1/2"]
[WhiteElo "2300"]
[BlackElo "2320"]

1.c4 e6 2.Nf3 Nf6 3.d4 d5 4.g3 Be7 5.Bg2 O-O 6.O-O Nbd7 7.b3 c6 8.Qc2 b6
9.Nc3 Ba6 10.Rd1 b5 11.c5 b4 12.Na4 Bb5 13.a3 bxa3 14.Nc3 a6 15.Rxa3 Ne4
16.Nxe4 dxe4 17.Qxe4 Nxc5 18.Qc2 Nd7 19.Ra1 Rc8 20.e4 h6 21.Bf1 Qb6 22.Be3 Qb7
23.Bc4 Rfd8 24.Bd2 Bd6 25.Ba5 Re8 26.Rd2 Bf8 27.Rad1 Qb8 28.Qc3 Nf6 29.Qe3 c5
30.Qe2 cxd4 31.Rxd4 Bxc4 32.bxc4 Bc5 33.R4d3 Ng4 34.Be1 Red8 35.Kg2 Rxd3
36.Qxd3 Qb6 37.Qc2 Qc7 38.h3 Nf6 39.Bc3 Be7 40.Bxf6 Bxf6 41.Rc1 Qc5 42.Qe2 a5
43.e5 Be7 44.Ra1  1/2-1/2

[Event "Bundesliga 8182"]
[Site "Germany"]
[Date "1982.??.??"]
[Round "?"]
[White "Sosonko, Gennadi"]
[Black "Westermeier, Arnulf"]
[Result "1-0"]
[WhiteElo "2580"]
[BlackElo "2305"]

1.d4 Nf6 2.c4 e6 3.g3 d5 4.Bg2 Be7 5.Nf3 O-O 6.O-O Nbd7 7.Qc2 c6 8.b3 b6
9.Rd1 Bb7 10.Nc3 Rc8 11.e4 dxe4 12.Nxe4 Nxe4 13.Qxe4 Qc7 14.Bf4 Bd6 15.Bxd6 Qxd6
16.c5 Qe7 17.b4 Rfd8 18.Qe3 Ba6 19.Ne5 Nxe5 20.dxe5 bxc5 21.bxc5 Rxd1+ 22.Rxd1 Bc4
23.Rd6 Qb7 24.h4 h6 25.Bxc6 Qxc6 26.Rxc6 Rxc6 27.a3 h5 28.f3 Bd5 29.g4 hxg4
30.fxg4 Ra6 31.h5 Ra4 32.g5 Re4 33.Qc3 Rc4 34.Qa5 Rg4+ 35.Kf2 Rxg5 36.Qd8+  1-0

[Event "Halle (Women)"]
[Site "Halle"]
[Date "1982.??.??"]
[Round "?"]
[White "Eretova, Kveta"]
[Black "Wagner Michel, Annett"]
[Result "1/2-1/2"]
[WhiteElo "2110"]
[BlackElo "2115"]

1.d4 Nf6 2.c4 e6 3.g3 d5 4.Bg2 Be7 5.Nf3 O-O 6.O-O Nc6 7.b3 Ne4 8.Bb2 f5
9.Nbd2 Qe8 10.Rc1 Qh5 11.Ne5 Nxe5 12.dxe5 c6 13.e3 Qxd1 14.Rfxd1 Nxd2 15.Rxd2 Bd7
16.cxd5 exd5 17.Bxd5+ cxd5 18.Rc7 Bb4 19.Rd4 Rf7 20.Rxb4 Bc6 21.Rxf7 Kxf7
22.e6+ Kg6 23.g4 Re8 24.gxf5+ Kxf5 25.Kf1 g5 26.h4  1/2-1/2

[Event "NOR-ch"]
[Site "Lillehammer"]
[Date "1982.??.??"]
[Round "1"]
[White "Orseth, Dag S"]
[Black "Kristiansen, Erling"]
[Result "1-0"]
[WhiteElo "2280"]
[BlackElo "2330"]

1.d4 Nf6 2.Nf3 d5 3.c4 e6 4.g3 Be7 5.Bg2 O-O 6.O-O dxc4 7.Qc2 a6 8.Qxc4 b5
9.Qc2 Bb7 10.Bf4 Nd5 11.Nc3 Nxf4 12.gxf4 Nd7 13.Rfd1 Nf6 14.Ne5 Bxg2 15.Kxg2 Bd6
16.Rac1 Qc8 17.Qd3 g6 18.Qf3 Nh5 19.Ne4 Qd8 20.e3 f6 21.Nc6 Qe8 22.Kh1 Ng7
23.Rg1 a5 24.Nc5 Kh8 25.Qe4 e5 26.fxe5 fxe5 27.Nd3 exd4 28.Qxe8 Nxe8 29.Nxd4 b4
30.Rg5 Nf6 31.Ne6 Rf7 32.Kg2 Ne4 33.Rg4 Nf6 34.Rg5 Ne4 35.Rg4 Nf6 36.Rd4 Re7
37.Nec5 Ra7 38.Rcc4 Kg7 39.Ne4 Nxe4 40.Rxe4 Rxe4 41.Rxe4 Rb7 42.b3 Rb5 43.h3 Kf6
44.Nb2 Rd5 45.Nc4 Bc5 46.Rf4+ Ke6 47.Rh4 h5 48.Re4+ Kf7 49.Re5 c6 50.e4 Rxe5
51.Nxe5+ Ke6 52.Nxg6 Bd6 53.Kf3 c5 54.Ke3 c4 55.bxc4 Bc5+ 56.Kd2 Bxf2 57.Nf4+ Kf6
58.Nd3 Bd4 59.Kc2 Bb6 60.Kb3 Bd8 61.c5 Kg5 62.c6 Kf6 63.Nf4 Ke5 64.Nd5 Kxe4
65.c7 Bxc7 66.Nxc7 Kf4 67.Ne6+ Ke5 68.Ka4 Kxe6 69.Kxa5  1-0

[Event "EUchT qual"]
[Site "Luzern"]
[Date "1982.??.??"]
[Round "3"]
[White "Birnboim, Nathan"]
[Black "Pfleger, Helmut"]
[Result "1/2-1/2"]
[WhiteElo "2460"]
[BlackElo "2500"]

1.d4 d5 2.c4 e6 3.Nf3 Nf6 4.g3 Be7 5.Bg2 O-O 6.O-O dxc4 7.Qc2 a6 8.a4 Bd7
9.Qxc4 Bc6 10.Bf4 Nbd7 11.Qc2 Nd5 12.Nc3 Nxf4 13.gxf4 Nf6 14.e3 Bb4 15.Qb3 Qe7
16.Rac1 Rfd8 17.Ne5 Bxg2 18.Kxg2 Nd5 19.Nd3 a5 20.Kh1 Ra6  1/2-1/2

[Event "Luzern ol (Men)"]
[Site "Luzern"]
[Date "1982.??.??"]
[Round "4"]
[White "Santos, Jose P"]
[Black "Williams, Arthur H"]
[Result "1/2-1/2"]
[WhiteElo "2365"]
[BlackElo "2390"]

1.d4 Nf6 2.c4 e6 3.g3 d5 4.Bg2 Be7 5.Nf3 O-O 6.O-O dxc4 7.Qa4 a6 8.Qxc4 b5
9.Qc2 Bb7 10.Bf4 Nc6 11.Nbd2 Nxd4 12.Nxd4 Bxg2 13.Nxe6 fxe6 14.Kxg2 c5 15.Nf3 Qe8
16.Rfd1 Qc6 17.Kg1 Rad8 18.a4 Rxd1+ 19.Rxd1  1/2-1/2

[Event "Luzern ol (Men)"]
[Site "Luzern"]
[Date "1982.??.??"]
[Round "5"]
[White "Sygulski, Artur"]
[Black "Shaw, Terrey Ian"]
[Result "1/2-1/2"]
[WhiteElo "2410"]
[BlackElo "2320"]

1.d4 d5 2.c4 e6 3.g3 Nf6 4.Bg2 Be7 5.Nf3 O-O 6.O-O Nbd7 7.Nc3 c6 8.Nd2 b6
9.e4 Bb7 10.cxd5 cxd5 11.e5 Ne8 12.f4 f5 13.exf6 Bxf6 14.Nf3 Nc7 15.Re1 Re8
16.Bh3 Bc6 17.g4 Nf8 18.g5 Be7 19.Ne5 Bd7 20.Qh5 Bd6 21.Bf1 Re7 22.Nxd7 Qxd7
23.Bd3 b5 24.Rf1 b4 25.Ne2 g6 26.Qg4 Ne8 27.Kh1 Ng7 28.Ng1 Rf7 29.Nf3 Qb7
30.Bd2 Nd7 31.Ne5 Nxe5 32.fxe5 Rxf1+ 33.Rxf1 Be7 34.Rf6 Bxf6 35.gxf6 Nf5
36.Bxf5 exf5 37.Qe2 Qb6 38.e6 Qxd4 39.f7+ Kf8 40.Bh6+ Ke7 41.Bg5+ Kf8 42.Bh6+ Ke7
43.Bg5+ Kf8 44.Bd8 Qe4+ 45.Qxe4 dxe4 46.Bh4 b3 47.axb3 Kg7 48.Bf2 Kf8 49.Bc5+ Kg7
50.Bf2  1/2-1/2

[Event "Luzern ol (Men)"]
[Site "Luzern"]
[Date "1982.??.??"]
[Round "10"]
[White "Quendro, Llambi"]
[Black "Herzog, Adolf"]
[Result "1/2-1/2"]
[WhiteElo "2235"]
[BlackElo "2405"]

1.Nf3 Nf6 2.g3 e6 3.c4 d5 4.Bg2 Be7 5.d4 O-O 6.O-O Nbd7 7.Nbd2 c5 8.cxd5 exd5
9.dxc5 Nxc5 10.Nb3 Nfe4 11.Be3 b6 12.Rc1 Bb7 13.Nbd4 Bf6 14.b4 Ne6 15.Qb3 Qd7
16.Nxe6 fxe6 17.Bh3 Rac8 18.Bd4 Qf7 19.Qe3 Kh8 20.Bxf6 Qxf6 21.Rxc8 Rxc8
22.Rc1 Rc4 23.Rxc4 dxc4 24.Nd4 e5 25.Nb5 Qd8 26.Bf1 a6 27.Na3 b5 28.f3 Nd2
29.Qxe5 Bxf3 30.Nc2 Ba8 31.Nd4 h6 32.Bh3 Ne4 33.Bf5 Nf6 34.e4 c3 35.Kg2 Bb7
36.Kf3 Bc8 37.Qb8 Nd7 38.Qd6 Qe8 39.Ke2 Qh5+ 40.g4 Qf7 41.Be6 Qf6 42.Qc7 Nb6
43.Qxb6 Bxe6 44.Nxe6 c2 45.Qb8+ Kh7 46.Nf8+ Qxf8 47.Qxf8 c1=Q 48.Qf5+ Kh8
49.e5 Qb2+ 50.Ke3 Qa3+ 51.Kd4 Qxb4+ 52.Kd5 Qc4+ 53.Kd6 Qd4+ 54.Kc6 Qc4+ 55.Kb6 b4
56.e6 b3 57.axb3 Qxb3+ 58.Kxa6 Qa4+ 59.Kb6 Qb4+ 60.Ka6 Qa4+ 61.Kb6 Qb4+ 62.Kc6 Qc4+
63.Kd7 Qa4+ 64.Kd8 Qa8+ 65.Ke7 Kg8 66.Qb5 Qa3+ 67.Kd7 Qa7+ 68.Kd6 Qa3+ 69.Qc5 Qa6+
70.Kd5 Qd3+ 71.Kc6 Qa6+ 72.Kd7 Qa4+ 73.Kd8 Qd1+ 74.Kc7 Qxg4 75.Qd5 Qf4+ 76.Kc8 Qg4
77.Kd8 Qh4+ 78.e7+ Kh7 79.h3 Kh8 80.Qe5 h5 81.Qe3 Kg8 82.Qc5 Kh7 83.Kc7 Qg3+
84.Kc6 Qf3+ 85.Kc7 Qg3+ 86.Kb7 Qf3+ 87.Ka7 Qf7 88.Kb8 Qb3+ 89.Kc7 Qg3+ 90.Kb7 Qf3+
91.Ka7 Qf7 92.Qe3 Qe8 93.Kb6 Qb8+ 94.Kc6 Qc8+ 95.Kd6 Qb8+ 96.Ke6 Qc8+ 97.Ke5 Kg6  1/2-1/2

[Event "Manila"]
[Site "Manila"]
[Date "1982.??.??"]
[Round "?"]
[White "Rodriguez, Ruben"]
[Black "Maninang, Rafaelito"]
[Result "1-0"]
[WhiteElo "2415"]
[BlackElo "2380"]

1.d4 Nf6 2.c4 e6 3.g3 d5 4.Bg2 Be7 5.Nf3 O-O 6.O-O dxc4 7.Ne5 Nbd7 8.Nxc4 c5
9.dxc5 Bxc5 10.Nc3 Nb6 11.Nxb6 Bxb6 12.Bf4 Ne8 13.Na4 Qf6 14.Bd2 Bd8 15.Bc3 Qe7
16.Qd4 Bc7 17.Bb4 Bd6 18.Bxd6 Nxd6 19.Rfd1 Nf5 20.Qc5 Qe8 21.Nc3 Qe7 22.Ne4 a5
23.Rac1 h5 24.Qxe7 Nxe7 25.Nc5 Ra7 26.Nd7 Re8 27.Nb6 e5 28.Nxc8 Nxc8 29.Rd7 Nb6
30.Rdc7 e4 31.R1c5 g6 32.Rb5 Re6 33.e3 Kf8 34.Bxe4 Rxe4 35.Rxb6 Rb4 36.Rf6 Rxb2
37.Rfxf7+ Kg8 38.Rg7+ Kh8 39.a4 Rb4 40.Rxg6 Rxa4 41.Rgg7 Rb4 42.Rgd7 Rb1+
43.Kg2 Ra8 44.Rxb7 Rxb7 45.Rxb7 a4 46.Rb2 a3 47.Ra2 Kg7 48.Kf3 Kf6 49.Ke4 Ra4+
50.Kd3 Kf5 51.f3  1-0

[Event "Mar del Plata"]
[Site "Mar del Plata"]
[Date "1982.??.??"]
[Round "?"]
[White "Polugaevsky, Lev"]
[Black "Braga, Fernando"]
[Result "1-0"]
[WhiteElo "2625"]
[BlackElo "2375"]

1.c4 e6 2.g3 Nf6 3.Bg2 d5 4.d4 Be7 5.Nf3 O-O 6.O-O dxc4 7.Qc2 a6 8.a4 Bd7
9.Qxc4 Bc6 10.Nc3 b5 11.Qa2 b4 12.Nd1 Bd5 13.b3 c5 14.dxc5 Ne4 15.Ne3 Nc3
16.Qd2 Be4 17.Re1 Bxc5 18.Bb2 Nc6 19.Bxc3 bxc3 20.Qxc3 Bb4 21.Qc4 Bxf3 22.Red1 Qb6
23.Bxf3 Na5 24.Qe4 Rad8 25.Nc2 Bc5 26.b4 Bxf2+ 27.Kg2 Nb3 28.a5 Qa7 29.Rxd8 Rxd8
30.Rb1 Nd2 31.Rd1 Bg1 32.e3 Qe7 33.Qc6 Qf6 34.Kxg1 g6 35.Bg2 Nb3 36.Rxd8+ Qxd8
37.Qa8  1-0

[Event "Mar del Plata"]
[Site "Mar del Plata"]
[Date "1982.??.??"]
[Round "?"]
[White "Polugaevsky, Lev"]
[Black "Garcia Palermo, Carlos"]
[Result "1-0"]
[WhiteElo "2625"]
[BlackElo "2470"]

1.c4 e6 2.g3 d5 3.Bg2 Nf6 4.d4 Be7 5.Nf3 O-O 6.O-O Nbd7 7.Qc2 c6 8.b3 b6
9.Rd1 Bb7 10.Nc3 Rc8 11.e4 Ne8 12.Bb2 Nd6 13.e5 Nf5 14.Bh3 g6 15.cxd5 cxd5
16.Qd2 f6 17.exf6 Nxf6 18.Ng5 Qd7 19.Qe2 Bb4 20.Rac1 Bxc3 21.Bxc3 Ne4 22.Nxe4 dxe4
23.Bg2 Qd5 24.Qg4 Rf7 25.Bb2 Rfc7 26.Rxc7 Rxc7 27.Qe2 Kf7 28.h4 a5 29.Re1 a4
30.bxa4 Qxa2 31.Bxe4 Bxe4 32.Qxe4 Qd5 33.Qd3 Qc4 34.Qd2 Rd7 35.Qg5 Qb4 36.Re2 Qxa4
37.Kh2 Qd1 38.Rd2 Qf3 39.d5 e5 40.Bxe5 Ne7 41.d6 Nc6 42.Bf4 Qb3 43.Qg4 Qe6
44.Qf3 Nd8 45.Re2 Qf6 46.Qd5+ Ne6 47.Kg2 b5 48.Re3  1-0

[Event "Mar del Plata"]
[Site "Mar del Plata"]
[Date "1982.??.??"]
[Round "?"]
[White "Portisch, Lajos"]
[Black "Karpov, Anatoly"]
[Result "1/2-1/2"]
[WhiteElo "2630"]
[BlackElo "2720"]

1.d4 Nf6 2.c4 e6 3.g3 d5 4.Bg2 Be7 5.Nf3 O-O 6.O-O dxc4 7.Qa4 a6 8.Qxc4 b5
9.Qc2 Bb7 10.Bf4 Nc6 11.Rd1 Nb4 12.Qc1 Qc8 13.Bg5 c5 14.Bxf6 gxf6 15.Nc3  1/2-1/2

[Event "Mar del Plata"]
[Site "Mar del Plata"]
[Date "1982.??.??"]
[Round "?"]
[White "Andersson, Ulf"]
[Black "Braga, Fernando"]
[Result "1/2-1/2"]
[WhiteElo "2635"]
[BlackElo "2375"]

1.c4 e6 2.Nf3 Nf6 3.g3 d5 4.d4 Be7 5.Bg2 O-O 6.O-O dxc4 7.Qc2 a6 8.Qxc4 b5
9.Qc2 Bb7 10.Bf4 Nc6 11.Rd1 Nb4 12.Qc1 Nbd5 13.Nc3 Nxf4 14.Qxf4 Bd6 15.Ne5 Bxg2
16.Kxg2 Qb8 17.Qf3 c5 18.Nc6 Qb6 19.dxc5 Bxc5 20.a4 bxa4 21.Nxa4 Qb5 22.Rdc1 Bb4
23.Nd4 Qb8 24.Rc6 a5 25.Nb6 Ra7 26.e3 Nd7 27.Nxd7 Rxd7 28.Rc2 h6 29.Rac1 Be7
30.Nc6 Qb6 31.Rd1 Rc7 32.Nxe7+ Rxe7 33.Rd4 Rc7  1/2-1/2

[Event "Minsk"]
[Site "Minsk"]
[Date "1982.??.??"]
[Round "?"]
[White "Inkiov, Ventzislav"]
[Black "Jussupow, Artur"]
[Result "1/2-1/2"]
[WhiteElo "2495"]
[BlackElo "2555"]

1.d4 d5 2.c4 e6 3.Nf3 Nf6 4.g3 Be7 5.Bg2 O-O 6.O-O b6 7.Ne5 c6 8.Nc3 Ba6
9.Qa4 b5 10.cxb5 cxb5 11.Nxb5 Qe8 12.Nc3 Qxa4 13.Nxa4 Bxe2 14.Re1 Bb5 15.Nc3 Be8
16.Bf4 Nc6 17.Nxd5 Nxd5 18.Bxd5 exd5 19.Nxc6 Bxc6 20.Rxe7 Rfe8 21.Rae1 a6
22.Rxe8+ Rxe8 23.Rxe8+ Bxe8 24.Kf1 Bb5+ 25.Ke1 Kf8 26.Be5 g6 27.b3 Ke7 28.a4 Bd3
29.Kd2 Bf1 30.h4 h5 31.Bb8 Ke6 32.Ba7 Kd7 33.Bc5 Ke6 34.Ke3 f5 35.Kf4 Bd3
36.b4 Bc4 37.Kg5 Kf7 38.b5 axb5 39.a5 b4 40.Bxb4 Ba6 41.f4 Bd3 42.Bd6 Kg7
43.Be5+ Kf7 44.Kh6 Ba6 45.Bd6 Kf6 46.Bb4 Bd3 47.Be1 Bc4 48.Kh7 Kf7 49.g4 hxg4
50.h5 gxh5 51.Kh6 Bd3 52.Kxh5 Ke6 53.Kg6 Kd7 54.Kf6 Kc6 55.Ke6  1/2-1/2

[Event "Minsk"]
[Site "Minsk"]
[Date "1982.??.??"]
[Round "?"]
[White "Mochalov, Evgeny V"]
[Black "Kuzmin, Gennadi P"]
[Result "1-0"]
[WhiteElo "2435"]
[BlackElo "2545"]

1.d4 Nf6 2.c4 e6 3.g3 d5 4.Bg2 Be7 5.Nf3 O-O 6.O-O dxc4 7.Qc2 a6 8.a4 Nc6
9.Qxc4 h6 10.b3 Bd6 11.Bb2 Nd7 12.Nbd2 e5 13.Ne4 Nb6 14.Qc1 Bb4 15.dxe5 Qe7
16.Nf6+ gxf6 17.exf6 Qe4 18.Qxh6 Qg6 19.Qxg6+ fxg6 20.Ng5 Rd8 21.Rfd1 Rd6
22.Rxd6 cxd6 23.a5 Nxa5 24.Bd4 Nxb3 25.Bxb6 Be6 26.Ra4  1-0

[Event "Moscow"]
[Site "Moscow"]
[Date "1982.??.??"]
[Round "?"]
[White "Anikaev, Yuri N"]
[Black "Szekely, Peter"]
[Result "1/2-1/2"]
[WhiteElo "2465"]
[BlackElo "2430"]

1.d4 Nf6 2.c4 e6 3.g3 d5 4.Nf3 Be7 5.Bg2 O-O 6.O-O b6 7.Nc3 Bb7 8.Ne5 Na6
9.cxd5 exd5 10.Bf4 c5 11.Rc1 Ne4 12.Nxe4 dxe4 13.dxc5 Nxc5 14.Qc2 Rc8 15.Rcd1 Qe8
16.Bh3 f5 17.b4 Na6 18.Qb3+ Kh8 19.Nd7 Rf7 20.a3 Nc7 21.Ne5 Rf6 22.Nd7 Rf7
23.Rd2 Nb5 24.Qa4 a6 25.Nxb6 Qc6 26.Nd5 Bf8 27.Ne3 Qe6 28.Bg2 h6 29.h4 Rc3
30.Qd1 Rxa3  1/2-1/2

[Event "Moscow"]
[Site "Moscow"]
[Date "1982.??.??"]
[Round "?"]
[White "Razuvaev, Yuri S"]
[Black "Geller, Efim P"]
[Result "1/2-1/2"]
[WhiteElo "2485"]
[BlackElo "2575"]

1.d4 Nf6 2.c4 e6 3.Nf3 d5 4.g3 Be7 5.Bg2 O-O 6.O-O dxc4 7.Qc2 a6 8.a4 Bd7
9.Rd1 Bc6 10.Nc3 Bxf3 11.Bxf3 Nc6 12.Bxc6 bxc6 13.a5 Qb8 14.Qa4 c5 15.Qxc4 cxd4
16.Rxd4 c5 17.Rd1 Qb4 18.Ra4  1/2-1/2

[Event "Moscow-ch"]
[Site "Moscow"]
[Date "1982.??.??"]
[Round "6"]
[White "Rashkovsky, Nukhim N"]
[Black "Sokolov, Andrei"]
[Result "1-0"]
[WhiteElo "2515"]
[BlackElo "2425"]

1.d4 Nf6 2.c4 e6 3.g3 d5 4.Bg2 Be7 5.Nf3 O-O 6.O-O dxc4 7.Qc2 a6 8.a4 Bd7
9.Rd1 Bc6 10.Nc3 Bb4 11.Na2 Be7 12.Bg5 Nbd7 13.Ne5 Bxg2 14.Kxg2 Nd5 15.Bxe7 Qxe7
16.Nxc4 Rac8 17.e4 N5f6 18.Nc3 e5 19.d5 c6 20.d6 Qe6 21.Ne3 g6 22.a5 Nc5
23.Ra3 Ng4 24.Nb1 Nxe3+ 25.Rxe3 Nd7 26.Na3 b5 27.axb6 Nxb6 28.Rc3 Qd7 29.Rc5 Rfe8
30.Nc4 Nxc4 31.Qxc4 Re6 32.Qxa6 Kg7 33.b4 Rf6 34.h3 Rb8 35.Qxc6 Qa7 36.Qd5 Rxb4
37.d7 Rb2 38.Rf1 Qa3 39.d8=Q Qf3+ 40.Kg1  1-0

[Event "Moscow-ch"]
[Site "Moscow"]
[Date "1982.??.??"]
[Round "8"]
[White "Rashkovsky, Nukhim N"]
[Black "Savon, Vladimir A"]
[Result "1/2-1/2"]
[WhiteElo "2515"]
[BlackElo "2485"]

1.d4 Nf6 2.c4 e6 3.g3 d5 4.Bg2 Be7 5.Nf3 O-O 6.O-O dxc4 7.Qc2 a6 8.a4 Bd7
9.Rd1 Bc6 10.Nc3 Bb4 11.Na2 Be7 12.Bg5 Nbd7 13.Ne5 Bxg2 14.Kxg2 Nxe5 15.Bxf6 Nd7
16.Bxe7 Qxe7 17.Qxc4 c5  1/2-1/2

[Event "Moscow-ch"]
[Site "Moscow"]
[Date "1982.??.??"]
[Round "12"]
[White "Gulko, Boris F"]
[Black "Bronstein, David I"]
[Result "1/2-1/2"]
[WhiteElo "2565"]
[BlackElo "2495"]

1.d4 d5 2.c4 e6 3.Nf3 Nf6 4.g3 Be7 5.Bg2 O-O 6.Qc2 b6 7.O-O Bb7 8.cxd5 exd5
9.Nc3 Na6 10.Rd1 Re8 11.Bf4 Nb4 12.Qb1 a5 13.a3 Na6 14.Ne5 c5 15.dxc5 Bxc5
16.Qa2 Nc7 17.Nd3 Bd6 18.e3 h6 19.Qb3 Ne6 20.Bxd6 Qxd6 21.Na4 Rab8 22.Rac1 d4
23.Bxb7 Rxb7 24.Ndc5 Nxc5 25.Nxc5 Rbb8 26.Na4 Ne4 27.Rxd4 Qf6 28.f4 Nc5 29.Qc3 Qe6
30.Nxc5 bxc5 31.Rc4 Qxe3+ 32.Qxe3 Rxe3 33.R1c2 Reb3 34.Rxc5 Rxb2 35.Rxb2 Rxb2
36.Rxa5 Ra2 37.f5 h5 38.h4 Kh7 39.f6 Kg6 40.fxg7 Kxg7 41.a4 f6  1/2-1/2

[Event "Pamporovo"]
[Site "Pamporovo"]
[Date "1982.??.??"]
[Round "8"]
[White "Inkiov, Ventzislav"]
[Black "Abramovic, Bosko"]
[Result "1/2-1/2"]
[WhiteElo "2495"]
[BlackElo "2445"]

1.d4 d5 2.c4 e6 3.Nf3 Nf6 4.g3 Be7 5.Bg2 O-O 6.O-O dxc4 7.Ne5 Nc6 8.Nxc6 bxc6
9.Qa4 Rb8 10.Qxa7 Rb6 11.Qa4 Rb4 12.Qd1 c5 13.dxc5 Bxc5 14.Nc3 Ba6 15.Qc2 Qb8
16.Rb1 h6 17.Bd2 Be7 18.Ne4 Rb5 19.Nxf6+ Bxf6 20.Bc3 Bxc3 21.bxc3 Rd8 22.Rxb5 Qxb5
23.Rb1 Qa5 24.a4 g6 25.h4 Kg7 26.Bf3 Rd6 27.Rb8 Rb6 28.Ra8 Qe5 29.Qd2 Rd6
30.Qc1 Qc5 31.g4 Rb6 32.g5 hxg5 33.Qxg5  1/2-1/2